| 000 | 00478nam a2200181 4500 | ||
|---|---|---|---|
| 001 | 8550 | ||
| 005 | 20181127190226.0 | ||
| 020 | 0 | 0 | _a9780194313438 |
| 090 | 0 | 0 | _a425 |
| 100 | 0 | 0 | _aThomson, Audrey Jean. |
| 245 | 0 | 0 |
_aA Practical English grammar. Exercises 1 / _b _cAudrey Jean Thomson; Agnes Wallace Martinet. _h |
| 250 | 0 | 0 | _a3rd ed. |
| 260 | 0 | 0 |
_aLondon ; _bOxford University Press, _c1986 |
| 300 | 0 | 0 | _a181 pages ; 20 cm. |
| 650 | 0 | 0 |
_a _x |
| 650 | 0 | 0 |
_a _x |
| 650 | 0 | 0 |
_aGrammar. _x |
| 999 |
_c7404 _d7404 |
||